Comic Book Characters by Last Name - Statistics

General Stats
  • This quiz has been taken 12,796 times
    12,784 since last reset
  • The average score is 16 of 27
Answer Stats
First Name Last Name % Correct
Peter Parker
97%
Tony Stark
95%
Clark Kent
94%
Bruce Wayne
91%
Nick Fury
86%
Charles Xavier
82%
Harry or Norman Osborn
73%
Jean Grey
70%
Steve Rogers
70%
Dick Grayson
62%
John Constantine
58%
Scott Pilgrim
58%
Reed Richards
56%
Harley Quinn
55%
Kitty Pryde
53%
Luke Cage
53%
Bucky Barnes
50%
Barry Allen
49%
Otto Octavius
49%
Wade Winston Wilson
45%
Selina Kyle
44%
Erik Lehnsherr
42%
Hal Jordan
42%
Jonah Hex
39%
Rick Grimes
38%
Richard Rider
17%
Walter Kovacs
12%
No matching quizzes found
Score Distribution
Percent of People with Each Score
Percentile by Number Answered
Your Score History
You have not taken this quiz since the last reset